|
|
|
|
| LEADER |
00000cam a22000004a 4500 |
| 001 |
musev2_73899 |
| 003 |
MdBmJHUP |
| 005 |
20230905051640.0 |
| 006 |
m o d |
| 007 |
cr||||||||nn|n |
| 008 |
200229t20192019mnu o 00 0 eng d |
| 020 |
|
|
|a 9781942304579
|
| 020 |
|
|
|z 1942304579
|
| 020 |
|
|
|z 9781942304357
|
| 020 |
|
|
|z 1942304358
|
| 035 |
|
|
|a (OCoLC)1146558306
|
| 040 |
|
|
|a MdBmJHUP
|c MdBmJHUP
|
| 100 |
1 |
|
|a Ziebell, Carl R.,
|e author.
|
| 245 |
1 |
0 |
|a I Walk with Angels :
|b The Life and Work of James Engel /
|c Carl R. Ziebell.
|
| 264 |
|
1 |
|a Minneapolis, MN :
|b Lutheran University Press,
|c 2019.
|
| 264 |
|
3 |
|a Baltimore, Md. :
|b Project MUSE,
|c 2021
|
| 264 |
|
4 |
|c ©2019.
|
| 300 |
|
|
|a 1 online resource (166 pages):
|b illustrations, portraits ;
|
| 336 |
|
|
|a text
|b txt
|2 rdacontent
|
| 337 |
|
|
|a computer
|b c
|2 rdamedia
|
| 338 |
|
|
|a online resource
|b cr
|2 rdacarrier
|
| 490 |
0 |
|
|a Shaping American Lutheran church music
|
| 500 |
|
|
|a Forms part of: Wisconsin Music Archives.
|5 WU
|
| 500 |
|
|
|a Catalog of Engel's music: pages 106-123.
|
| 505 |
0 |
|
|a Introduction -- Biographical background -- Remembrances of Engel -- Engel's Work -- Engel's influence on Lutheran church music -- Engel's music -- Conclusion.
|
| 588 |
|
|
|a Description based on print version record.
|
| 600 |
1 |
0 |
|a Engel, James.
|
| 650 |
|
7 |
|a Composers.
|2 fast
|0 (OCoLC)fst00871620
|
| 650 |
|
7 |
|a College teachers.
|2 fast
|0 (OCoLC)fst00868114
|
| 650 |
|
7 |
|a Church music
|x Lutheran Church.
|2 fast
|0 (OCoLC)fst00860830
|
| 650 |
|
6 |
|a Musique d'eglise
|z États-Unis
|x Église lutherienne
|y 20e siecle.
|
| 650 |
|
6 |
|a Compositeurs
|z États-Unis
|y 20e siecle
|v Biographies.
|
| 650 |
|
0 |
|a College teachers
|z Wisconsin
|y 20th century
|v Biography.
|
| 650 |
|
0 |
|a College teachers
|z Minnesota
|y 20th century
|v Biography.
|
| 650 |
|
0 |
|a College teachers
|z United States
|y 20th century
|v Biography.
|
| 650 |
|
0 |
|a Church music
|z United States
|x Lutheran Church
|y 20th century.
|
| 650 |
|
0 |
|a Composers
|z United States
|y 20th century
|v Biography.
|
| 651 |
|
7 |
|a Wisconsin.
|2 fast
|0 (OCoLC)fst01204595
|
| 651 |
|
7 |
|a United States.
|2 fast
|0 (OCoLC)fst01204155
|
| 651 |
|
7 |
|a Minnesota.
|2 fast
|0 (OCoLC)fst01204560
|
| 655 |
|
7 |
|a Biographies.
|2 rvmgf
|
| 655 |
|
7 |
|a Biographies.
|2 lcgft
|
| 655 |
|
7 |
|a Biographies.
|2 fast
|0 (OCoLC)fst01919896
|
| 655 |
|
7 |
|a collective biographies.
|2 aat
|
| 655 |
|
7 |
|a Electronic books.
|2 local
|
| 710 |
2 |
|
|a Project Muse.
|e distributor
|
| 830 |
|
0 |
|a Book collections on Project MUSE.
|
| 856 |
4 |
0 |
|z Texto completo
|u https://projectmuse.uam.elogim.com/book/73899/
|
| 945 |
|
|
|a Project MUSE - Custom Collection
|
| 945 |
|
|
|a Project MUSE - 2019 Complete Supplement
|
| 945 |
|
|
|a Project MUSE - 2019 Philosophy and Religion Supplement
|